000 00759nam a2200229 a 4500
001 BRCA_5336
005 20190320205034.0
008 751128s1917 nyua######---#000-0#eng-#
041 _aeng
044 _anyu
050 4 _aNK5162
_b.B37 1917
100 1 _aBarber, Edwin Atlee
_d1851-1916
_97296
245 1 0 _aSpanish glass in the collection of the Hispanic Society of America
_cby Edwin Atlee Barber.
260 _aNueva York
_bG. P. Putnam´s Sons
_c1917
300 _aiii, 43 p.
_bil. (algunas a color), 11 láminas
_c20 cm.
440 0 _aPublications of the Hispanic Society of America
_v102
_913684
500 _aEstado físico: Cubierta desprendida
500 _aM12
650 1 4 _aVidrio ornamental
_zEspaña
_913685
902 _aGFM
942 _2lcc
_cB
999 _c5030
_d5030